000 01035cam a2200253 4500
001 ABS63525
008 000000n2000 000 0 eng u
035 _a(Sirsi) u110973
100 _aLane, N.
245 _aConstructive acceleration
260 _c2000
490 _aConstruction Law Journal
_v16(4) 2000, 231-241(10)
520 _aConstructive acceleration is a term used to describe a United States legal doctrine which reimburses contractors for the costs of acceleration to overcome excusable delay in the absence of an agreement for acceleration. Investigates how constructive acceleration might be treated in English law. Considers the current law; recovering the costs of constructive acceleration and quantum meruit.
590 _aABS
650 _aCONSTRUCTIVE ACCELERATION
650 _aQUANTUM MERUIT
650 _aCOSTS
650 _aCONSTRUCTION DISPUTES
650 _aDELAYS
650 _aUNITED STATES
650 _aACCELERATION
690 _aBUILT ENVIRONMENT-BUILDING CONTRACT FORMS
942 _n0
999 _c66142
_d66142